01891 2200793 4500001002100000005001500021035002000036007000300056008004100059020002200100082000800122084001400130100002600144245013800170260003400308300004100342500002400383700002300407504002900430600001400459990001300473990001300486990001300499990001300512990001300525990001300538990001300551990001300564990001300577990001300590990001300603990001300616990001300629990001300642990001300655990001300668990001300681990001300694990001300707990001300720990001300733990001300746990001300759990001300772990001300785990001300798990001300811990001300824990001300837990001300850990001300863990001300876990001300889990001300902990001300915990001300928990001300941990001300954990001300967990001300980990001300993990001301006990001301019990001301032990001301045990001301058990001301071990001301084INLIS00000000000004520221107104032 a0010-1122000045ta221107 g 0 ind  a978-602-3449-95-8 a301 a301 LIA s0 aLia Candra Rufikasari1 aSosiologi untuk SMA/MA kelas XI :bPeminatan ilmu-ilmu sosial buku siswa kurikulum 2013 /cLia Candra Rufikasari, Slamet Subiyantoro aSurakarta :bMediatama,c2014 axi, 244 hlm. :bilus. ;c25 x 18 cm. aindeks hlm. 242-2440 aSlamet Subiyantoro aBibliografi hlm. 237-238 4aSosiologi a01810181 a01810181 a01810181 a01810181 a01810181 a01810181 a01810181 a01810181 a01810181 a01810181 a01810181 a01810181 a01810181 a01190119 a01190119 a01190119 a01190119 a01190119 a01190119 a01190119 a01190119 a01190119 a01190119 a01920192 a01920192 a01920192 a01920192 a01920192 a01920192 a01920192 a01920192 a01920192 a01920192 a01920192 a01920192 a01920192 a01920192 a01920192 a01920192 a01920192 a01920192 a01920192 a01920192 a01920192 a01920192 a01920192 a01920192 a01920192